|
|
|
|
| LEADER |
00000cam a2200000 a 4500 |
| 001 |
vtls001382143 |
| 003 |
SK-MaSNL |
| 005 |
20260301183231.0 |
| 008 |
240314s1967 xr 0 cze |
| 035 |
|
|
|a SNK000336181
|
| 040 |
|
|
|a SNK
|b slo
|c SNK
|e AACR2
|
| 041 |
|
|
|a cze
|
| 043 |
|
|
|a e-cs---
|
| 044 |
|
|
|a xr
|c CZ
|
| 080 |
|
|
|a 341.34
|2 2011
|
| 080 |
|
|
|a (437)
|2 2011
|
| 100 |
1 |
|
|a Konečný, Zdeněk
|4 aut
|9 307838
|
| 245 |
1 |
0 |
|a Pracovní nasazení válečných zajatců a obyvatel Evropy v ČSR (1939-1945)
|
| 260 |
|
|
|a Brno
|b Univ. J.E.Purkyně
|c 1967
|
| 300 |
|
|
|a 151 s.
|
| 650 |
0 |
7 |
|a vojnoví zajatci
|2 SNKPH
|9 4453
|
| 852 |
|
|
|a Štátna vedecká knižnica v Banskej Bystrici
|
| 958 |
|
|
|a OND
|
| 999 |
|
|
|c 856270
|d 858200
|
| 952 |
|
|
|t P60, <04>, [BOOK], {604}
|a SNK
|b SNK
|y VYP
|7 0
|p 17A0225885
|o snkIC 40964 D1
|0 0
|1 1
|4 0
|d 2000-02-02
|l 0
|r 2005-01-02 00:00:00
|w 2026-02-24
|